Cómo conservar una República / (Record no. 111834)

MARC details
000 -LEADER
campo de control de longitud fija 00965cam a2200313Ma 4500
001 - NÚMERO DE CONTROL
campo de control 90950
005 - FECHA Y HORA DE LA ÚLTIMA TRANSACCIÓN
campo de control 20230411090049.0
008 - DATOS DE LONGITUD FIJA--INFORMACIÓN GENERAL
campo de control de longitud fija 720814s1972 ag 000 0 spa d
035 ## - NÚMERO DE CONTROL DEL SISTEMA
Número de control de sistema (OCoLC)ocn503205186
040 ## - FUENTE DE CATALOGACIÓN
Centro catalogador/agencia de origen U6C
Lengua de catalogación spa
Centro/agencia transcriptor U6C
035 ## - NÚMERO DE CONTROL DEL SISTEMA
Número de control de sistema (OCoLC)503205186
082 00 - NÚMERO DE LA CLASIFICACIÓN DECIMAL DEWEY
Número de clasificación JC 599
Número de ítem W287c 1972
082 00 - NÚMERO DE LA CLASIFICACIÓN DECIMAL DEWEY
Número de clasificación 323.4/0973
049 ## - FONDOS LOCALES (OCLC)
Biblioteca depositaria GRAL
100 1# - ENTRADA PRINCIPAL--NOMBRE DE PERSONA
Nombre de persona Warren, Earl,
Fechas asociadas al nombre 1891-
245 10 - MENCIÓN DEL TÍTULO
Título Cómo conservar una República /
Mención de responsabilidad, etc. Earl Warren; [traducción al español de Gerardo Mayer].
260 ## - PUBLICACIÓN, DISTRIBUCIÓN, ETC.
Lugar de publicación, distribución, etc. Buenos Aires :
Nombre del editor, distribuidor, etc. Americana,
Fecha de publicación, distribución, etc. 1972.
300 ## - DESCRIPCIÓN FÍSICA
Extensión 206 p. ;
Dimensiones 22 cm.
500 ## - NOTA GENERAL
Nota general Traducido de: A republic, if you can keep it.
650 #0 - PUNTO DE ACCESO ADICIONAL DE MATERIA--TÉRMINO DE MATERIA
Término de materia o nombre geográfico como elemento de entrada Civil rights
Subdivisión geográfica United States.
650 #0 - PUNTO DE ACCESO ADICIONAL DE MATERIA--TÉRMINO DE MATERIA
Término de materia o nombre geográfico como elemento de entrada Constitutional history
Subdivisión geográfica United States.
650 #4 - PUNTO DE ACCESO ADICIONAL DE MATERIA--TÉRMINO DE MATERIA
Término de materia o nombre geográfico como elemento de entrada Derechos civiles
Subdivisión geográfica Estados Unidos.
651 #4 - PUNTO DE ACCESO ADICIONAL DE MATERIA--NOMBRE GEOGRÁFICO
Nombre geográfico Estados Unidos
Subdivisión general Historia constitucional.
650 #4 - PUNTO DE ACCESO ADICIONAL DE MATERIA--TÉRMINO DE MATERIA
Término de materia o nombre geográfico como elemento de entrada CFB
650 #4 - PUNTO DE ACCESO ADICIONAL DE MATERIA--TÉRMINO DE MATERIA
Término de materia o nombre geográfico como elemento de entrada Colección Font Bernard
942 ## - ELEMENTOS DE ENTRADA SECUNDARIOS (KOHA)
Fuente del sistema de clasificación o colocación Clasificación de Library of Congress
Tipo de ítem Koha
994 ## -
-- C0
-- DRFGD
946 ## - PROCESAMIENTO DE INFORMACIÓN LOCAL (OCLC)
a web
Holdings
Estatus retirado Estado de pérdida Fuente del sistema de clasificación o colocación Estado de daño No para préstamo Colección Biblioteca de origen Biblioteca actual Ubicación en estantería Fecha de adquisición Código de barras Visto por última vez Copia número Tipo de ítem Koha
    Clasificación de Library of Congress     Automatización y Procesos Técnicos Biblioteca Juan Bosch Biblioteca Juan Bosch Automatización y Procesos Técnicos (1er. Piso) 11/04/2023 00000084658 17/02/2019 1